000 00328nam a2200133Ia 4500
008 240624s9999 xx 000 0 und d
041 _aeng
082 _a823 MIR
100 _aMIR RAZA
245 _aTASTE OF WORDS AN INTRODUCTION TO URDU P
260 _c2014
_aHaryana
_bPenguin
300 _a293 : p. : cm. ; 20
365 _cRS
999 _c25385
_d25385